000
00351pam a2200157a 44500
008
230515b2018 xxu||||| |||| 00| 0 eng d
020
_a
NULL
041
_a
ENGLISH
082
_a
624.183412
100
_a
S RAMAMRUTHAM
245
_a
PRESTRESSED CONCRETE
250
_a
1975
260
_a
PUNE
_b
DHANPAT RAI
_c
2018
300
_a
264
650
_a
NULL
999
_c
667140
_d
667140